000
00338nam a2200145Ia 4500
008
150201s2004 xx 000 0 und d
082
_a
617.6
_b
H2004V
100
_a
VINAY
245
_a
HANDBOOK OF COMPLETE DENTURE
250
_a
1ST
260
_b
AITBS
_a
DELHI
_c
2004
300
_a
1-172
650
_a
PROSTHODONTICS
942
_2
ddc
_c
BK
_0
1
999
_c
3063
_d
3063